000 00370nam a22001577a 4500
003 OSt
005 20260429145706.0
008 260429b |||||||| |||| 00| 0 eng d
020 _a9789376564903
082 _a954.92 SYN
100 _aSYED,MH
245 _aNetaji Subhash Chandra Bose
260 _aNagpur
_bHimalaya Books
_c2026
300 _a302p.
942 _2ddc
_cREF
999 _c13924
_d13924